000 00604nam a2200193Ia 4500
003 OSt
005 20251009094144.0
008 210210b2006 xxu||||| |||| 00| 0 eng d
040 _cAL
041 _aKannada
082 _aK894.9 SHRK
100 _aSHRIMATI (H S). Ed.
_dಶ್ರೀಮತಿ (ಎಚ್ ಎಸ್)
_9241811
245 _aKannada mahila sahitya charitre.
_bಕನ್ನಡ ಮಹಿಳಾ ಸಾಹಿತ್ಯ ಚರಿತ್ರೆ.
260 _aHampi
_bKannada Vishvavidyalaya
_c2006
300 _a650
690 _aKannada Criticism
_9241812
906 _a061731
942 _2ddc
_cBK
999 _c108579
_d108579